000 00298nam a22001457a 4500
008 210304b ||||| |||| 00| 0 eng d
020 _a51
041 _aeng
080 _27th
_a51
082 _a51
100 _a37
101 _aMAT
245 _aCollege Algebra
_cSullivan, M
942 _2udc
_cBK
999 _c55714
_d55714